| 000 | 003530000a22001570004500 | ||
|---|---|---|---|
| 001 | 000316 | ||
| 003 | MACL | ||
| 040 | _aMACL | ||
| 090 |
_c316 _d316 |
||
| 100 | _aRaddy, E.S | ||
| 245 |
_aMahatma Gandhi _bLetters To Americans _cE.S Raddy |
||
| 260 |
_aBhartiya Vidya Bhavan, _c1998 |
||
| 350 | _a300 | ||
| 650 | _aPhilosophy,Theory | ||
| 942 |
_k802 _cBook |
||
| 999 |
_c49623 _d49623 |
||